[Event "SC Uttenreuth e.V. 1-SK Neumarkt e.V. 1"]
[Site "?"]
[Date "2013.03.10"]
[Round "9.2"]
[White "Miederer, Karl"]
[Black "Mösl, Sebastian"]
[Result "1/2-1/2"]
[WhiteElo "1837"]
[BlackElo "1819"]
[PlyCount "54"]
[EventDate "2013.??.??"]
[WhiteTeam "SC Uttenreuth e.V. 1"]
[BlackTeam "SK Neumarkt e.V. 1"]

1. d4 d5 2. Nf3 Nf6 3. g3 e6 4. Bg2 c5 5. O-O Nc6 6. c3 Bd7 7. Bf4 Rc8 8. Ne5
Be7 9. Nxd7 Qxd7 10. Qa4 O-O 11. Nd2 Nxd4 12. Qxd7 Nxe2+ 13. Kh1 Nxd7 14. Rfe1
Nxf4 15. gxf4 Bf6 16. f5 Rfe8 17. Rad1 Ne5 18. fxe6 fxe6 19. Re2 Kf7 20. f4 Nc6
21. f5 exf5 22. Bxd5+ Kf8 23. Rf2 g6 24. Ne4 Be7 25. Rg1 Rcd8 26. Rxf5+ Kg7 27.
Rf7+ Kh8 1/2-1/2

[Event "SC Uttenreuth e.V. 1-SK Neumarkt e.V. 1"]
[Site "?"]
[Date "2013.03.10"]
[Round "9.3"]
[White "Simon, Martin"]
[Black "Niedermaier, Barbara"]
[Result "1-0"]
[WhiteElo "1897"]
[BlackElo "1837"]
[PlyCount "76"]
[EventDate "2013.??.??"]
[WhiteTeam "SK Neumarkt e.V. 1"]
[BlackTeam "SC Uttenreuth e.V. 1"]

1. e4 c5 2. Nf3 Nc6 3. d4 cxd4 4. Nxd4 g6 5. Be3 Bg7 6. c4 d6 7. Nc3 Nf6 8. Be2
O-O 9. O-O Bd7 10. Rc1 Rc8 11. f3 a6 12. Qd2 Qa5 13. Nxc6 Bxc6 14. Nd5 Qxd2 15.
Nxe7+ Kh8 16. Bxd2 Rc7 17. Nxc6 Rxc6 18. Bc3 Rfc8 19. Rfd1 Ne8 20. Bxg7+ Kxg7
21. Rc3 Kf6 22. Kf2 Ke7 23. Re3 Nc7 24. f4 b5 25. b3 b4 26. Bf3 Rb6 27. g3 a5
28. e5 Ne6 29. Rd5 dxe5 30. Rdxe5 a4 31. Rb5 Rd6 32. Rxb4 axb3 33. axb3 Rd2+
34. Re2 Rxe2+ 35. Kxe2 Nd4+ 36. Kf2 Kf6 37. Be4 h6 38. Rb6+ Kg7 1-0

[Event "SC Uttenreuth e.V. 1-SK Neumarkt e.V. 1"]
[Site "?"]
[Date "2013.03.10"]
[Round "9.4"]
[White "Traut, Gerhard"]
[Black "Bothe, Matthias"]
[Result "0-1"]
[WhiteElo "1786"]
[BlackElo "1876"]
[PlyCount "50"]
[EventDate "2013.??.??"]
[WhiteTeam "SC Uttenreuth e.V. 1"]
[BlackTeam "SK Neumarkt e.V. 1"]

1. e4 e6 2. d3 d5 3. Nd2 c5 4. Ngf3 Nc6 5. g3 Bd6 6. Bg2 Nge7 7. O-O O-O 8. Re1
f6 9. c3 Bd7 10. Qc2 Rc8 11. a3 Kh8 12. h3 b5 13. Nf1 d4 14. Bd2 e5 15. g4 h6
16. a4 dxc3 17. bxc3 b4 18. cxb4 cxb4 19. Qb2 a5 20. Be3 Nd4 21. Nxd4 exd4 22.
Bxd4 Nc6 23. e5 Nxe5 24. Rad1 Qe7 25. Bxe5 Bxe5 0-1

[Event "SC Uttenreuth e.V. 1-SK Neumarkt e.V. 1"]
[Site "?"]
[Date "2013.03.10"]
[Round "9.5"]
[White "Kipferl, Wolfgang"]
[Black "Rink, Florian"]
[Result "1-0"]
[WhiteElo "1825"]
[BlackElo "1821"]
[PlyCount "82"]
[EventDate "2013.??.??"]
[WhiteTeam "SK Neumarkt e.V. 1"]
[BlackTeam "SC Uttenreuth e.V. 1"]

1. e4 Nf6 2. e5 Nd5 3. d4 d6 4. c4 Nb6 5. exd6 exd6 6. Nc3 Be7 7. Bd3 Nc6 8.
Nge2 Bf6 9. Be3 Bg4 10. O-O O-O 11. f3 Bh5 12. a3 a5 13. Qd2 Bg6 14. Ne4 d5 15.
Nxf6+ Qxf6 16. cxd5 Nxd5 17. Bg5 Qd6 18. Bxg6 hxg6 19. Rad1 Rfe8 20. Nc3 Nxc3
21. Qxc3 Ne7 22. Rfe1 Nd5 23. Rxe8+ Rxe8 24. Qxa5 f6 25. Bh4 Re2 26. Rd2 Nf4
27. Bg3 Rxd2 28. Qxd2 Qxd4+ 29. Qxd4 Ne2+ 30. Kf2 Nxd4 31. Bxc7 Kf7 32. Bb6 Nf5
33. Bc5 g5 34. a4 Ke6 35. b4 Kd5 36. Ke2 Nd4+ 37. Kd3 Ne6 38. Be3 f5 39. a5 f4
40. Bb6 Nf8 41. b5 Nd7 1-0

[Event "SC Uttenreuth e.V. 1-SK Neumarkt e.V. 1"]
[Site "?"]
[Date "2013.03.10"]
[Round "9.6"]
[White "Beck, Gerhard"]
[Black "Brunner, Wolfgang"]
[Result "1-0"]
[WhiteElo "1739"]
[BlackElo "1862"]
[PlyCount "111"]
[EventDate "2013.??.??"]
[WhiteTeam "SC Uttenreuth e.V. 1"]
[BlackTeam "SK Neumarkt e.V. 1"]

1. Nf3 d5 2. g3 Nf6 3. Bg2 e6 4. O-O Be7 5. d3 Nbd7 6. Nbd2 c5 7. e4 Qc7 8. Qe2
d4 9. a4 b6 10. Nc4 e5 11. Nh4 Ba6 12. b3 g6 13. f4 Bxc4 14. bxc4 Bd6 15. fxe5
Bxe5 16. Bg5 h5 17. Bh3 Qd6 18. Qf3 O-O 19. Bh6 Rfe8 20. Rf2 Nf8 21. Bf4 N8h7
22. Bxe5 Qxe5 23. Qf4 Ng5 24. Kg2 Nxh3 25. Kxh3 Qe6+ 26. Kg2 Ng4 27. Re2 Kg7
28. h3 Ne3+ 29. Kh2 Re7 30. c3 Rf8 31. cxd4 cxd4 32. Nf3 Qd7 33. e5 Nf5 34. Re4
Rd8 35. g4 hxg4 36. hxg4 Rh8+ 37. Kg1 Re6 38. Ng5 Ne3 39. Nxe6+ Qxe6 40. Rxd4
Rh3 41. Ra2 Qe7 42. Rf2 g5 43. Qf6+ Qxf6 44. Rxf6 Nc2 45. Rd7 Rg3+ 46. Kf2 Rxg4
47. Rfxf7+ Kg8 48. e6 Nb4 49. e7 Nxd3+ 50. Kf1 Re4 51. Rf8+ Kg7 52. Rf7+ Kg8
53. Rf5 Re1+ 54. Kg2 Re2+ 55. Kg1 Nf4 56. Rf8+ 1-0

[Event "SC Uttenreuth e.V. 1-SK Neumarkt e.V. 1"]
[Site "?"]
[Date "2013.03.10"]
[Round "9.7"]
[White "Niebler, Andreas"]
[Black "Meyer, Jürgen"]
[Result "1/2-1/2"]
[WhiteElo "1784"]
[BlackElo "1710"]
[PlyCount "68"]
[EventDate "2013.??.??"]
[WhiteTeam "SK Neumarkt e.V. 1"]
[BlackTeam "SC Uttenreuth e.V. 1"]

1. d4 d5 2. c4 e6 3. Nf3 c6 4. Nc3 Bd6 5. e3 f5 6. Be2 Nf6 7. Ne5 O-O 8. O-O
Nbd7 9. f4 Ne4 10. Nxe4 fxe4 11. Qe1 Nxe5 12. fxe5 Be7 13. c5 Rxf1+ 14. Bxf1
Bd7 15. Bd2 Qf8 16. Be2 Qf5 17. Qg3 Rf8 18. Rf1 Qg5 19. Qxg5 Bxg5 20. b4 Rxf1+
21. Kxf1 a6 22. Ke1 Kf7 23. Kd1 Ke8 24. Kc2 Kd8 25. a4 Kc7 26. Kd1 Kd8 27. g3
g6 28. Bf1 Bh6 29. h4 g5 30. Bh3 Ke7 31. Bg4 Be8 32. Ke2 Bg6 33. Kf2 Be8 34.
Kg2 Bg6 1/2-1/2

[Event "SC Uttenreuth e.V. 1-SK Neumarkt e.V. 1"]
[Site "?"]
[Date "2013.03.10"]
[Round "9.8"]
[White "Lang, Franz"]
[Black "Junker, Christian"]
[Result "1-0"]
[WhiteElo "1551"]
[BlackElo "1683"]
[PlyCount "64"]
[EventDate "2013.??.??"]
[WhiteTeam "SC Uttenreuth e.V. 1"]
[BlackTeam "SK Neumarkt e.V. 1"]

1. Nf3 c5 2. c4 Nc6 3. Nc3 g6 4. b3 Bg7 5. Bb2 d6 6. g3 Bf5 7. Bg2 Qd7 8. O-O
Bh3 9. e3 h5 10. Bxh3 Qxh3 11. Ng5 Qf5 12. h4 Ne5 13. e4 Qd7 14. Qe2 Nh6 15.
Rad1 Nc6 16. Nf3 Bd4 17. Kg2 Ng4 18. d3 O-O-O 19. Nb5 Bxb2 20. Qxb2 a6 21. Nc3
f5 22. Nd5 Kb8 23. Rfe1 e6 24. Ne3 Nd4 25. Ng5 Nc6 26. exf5 gxf5 27. Nxg4 fxg4
28. Nxe6 Rde8 29. Qf6 Ne5 30. Nf4 Qc6+ 31. Nd5 Nf3 32. Re3 Qd7 1-0

[Event "SG SC Mühldorf/SK Schwabach 1-SG Büchen"]
[Site "?"]
[Date "2013.03.10"]
[Round "9.1"]
[White "Roß, Thomas"]
[Black "Ahmels, Christian"]
[Result "0-1"]
[WhiteElo "1989"]
[BlackElo "2065"]
[PlyCount "72"]
[EventDate "2013.??.??"]
[WhiteTeam "SG Büchenbach/Roth e.V. 2"]
[BlackTeam "SG SC Mühldorf/SK Schwabach 1"]

1. Nf3 c5 2. g3 Nf6 3. Bg2 d5 4. O-O Nc6 5. c4 e6 6. cxd5 Nxd5 7. Nc3 Be7 8. e4
Ndb4 9. Ne1 O-O 10. a3 Nd3 11. Nxd3 Qxd3 12. Re1 f6 13. Re3 Qd7 14. d3 Rd8 15.
b3 Rb8 16. Bb2 b5 17. Bh3 Qe8 18. Ne2 e5 19. Bxc8 Rbxc8 20. a4 b4 21. g4 Bf8
22. Rh3 Qe6 23. Nc1 Na5 24. Rb1 c4 25. bxc4 Qxc4 26. g5 Qxe4 27. Nb3 Qf5 28.
Rg3 Nxb3 29. Qxb3+ Kh8 30. Re1 Bc5 31. Re2 Rd7 32. g6 h6 33. Bc1 Rcd8 34. Kg2
Rxd3 35. Rxd3 Rxd3 36. Qf7 Qf3+ 0-1

[Event "SG SC Mühldorf/SK Schwabach 1-SG Büchen"]
[Site "?"]
[Date "2013.03.10"]
[Round "9.2"]
[White "Mehwald, Thomas"]
[Black "Ludwig, Michael"]
[Result "1-0"]
[WhiteElo "2008"]
[BlackElo "1860"]
[PlyCount "42"]
[EventDate "2013.??.??"]
[WhiteTeam "SG SC Mühldorf/SK Schwabach 1"]
[BlackTeam "SG Büchenbach/Roth e.V. 2"]

1. e4 c6 2. d4 d5 3. e5 Bf5 4. Nc3 e6 5. g4 Bg6 6. Nge2 Bb4 7. h4 h5 8. Ng3
hxg4 9. Qxg4 Bf8 10. Bg5 Nh6 11. Qf4 Be7 12. O-O-O Nf5 13. Nxf5 Bxg5 14. Nd6+
Kf8 15. hxg5 Rxh1 16. Bd3 Rxd1+ 17. Nxd1 Bf5 18. Bxf5 exf5 19. Qxf5 Qd7 20. Qh7
g6 21. Ne3 Qe6 1-0

[Event "SG SC Mühldorf/SK Schwabach 1-SG Büchen"]
[Site "?"]
[Date "2013.03.10"]
[Round "9.3"]
[White "Muskat, Gunter"]
[Black "Greul, Hans"]
[Result "1-0"]
[WhiteElo "1876"]
[BlackElo "1985"]
[PlyCount "81"]
[EventDate "2013.??.??"]
[WhiteTeam "SG Büchenbach/Roth e.V. 2"]
[BlackTeam "SG SC Mühldorf/SK Schwabach 1"]

1. c4 e6 2. g3 d5 3. Bg2 Nf6 4. Nf3 Be7 5. O-O c6 6. d4 O-O 7. Nc3 Nbd7 8. Re1
dxc4 9. e4 b5 10. d5 cxd5 11. exd5 b4 12. dxe6 Nb6 13. exf7+ Kh8 14. Qxd8 Bxd8
15. Nb5 Bd7 16. Nbd4 Rc8 17. Ne5 Bc7 18. Nxd7 Nbxd7 19. Ne6 Rxf7 20. Nxc7 Rxc7
21. Bf4 Rc5 22. Bd6 Rb5 23. Rac1 Nb6 24. Re6 h6 25. Bf1 Ra5 26. Bxb4 Rxa2 27.
Bc3 Nfd5 28. Bd4 Rc7 29. Rxh6+ Kg8 30. Rd6 Ra4 31. Re1 Kf7 32. Bh3 Re7 33.
Rxe7+ Kxe7 34. Rg6 Ra1+ 35. Kg2 Rd1 36. Bc5+ Kf7 37. Rd6 Rd2 38. Be6+ Ke8 39.
Kh3 a5 40. Kh4 Na4 41. Bd7+ 1-0

[Event "SG SC Mühldorf/SK Schwabach 1-SG Büchen"]
[Site "?"]
[Date "2013.03.10"]
[Round "9.4"]
[White "Reuter, Roland"]
[Black "Classen, Anton"]
[Result "1/2-1/2"]
[WhiteElo "1947"]
[BlackElo "1817"]
[PlyCount "81"]
[EventDate "2013.??.??"]
[WhiteTeam "SG SC Mühldorf/SK Schwabach 1"]
[BlackTeam "SG Büchenbach/Roth e.V. 2"]

1. d4 d5 2. c4 e6 3. Nc3 Nf6 4. Nf3 Nbd7 5. Bg5 c6 6. e3 dxc4 7. Bxc4 Be7 8.
O-O O-O 9. Rc1 Nd5 10. Bxe7 Qxe7 11. Re1 Qb4 12. Bb3 Nxc3 13. Rxc3 Nf6 14. Qd3
Rd8 15. Rec1 Nd5 16. Rc5 g6 17. Qe4 Qb6 18. Qh4 Kg7 19. e4 Nf6 20. Qf4 Nh5 21.
Qe3 Nf6 22. Ne5 Bd7 23. g4 Be8 24. h4 Qc7 25. Kh2 Qe7 26. Rh1 Ng8 27. h5 h6 28.
Rc3 g5 29. Bc2 f6 30. Nf3 Rac8 31. Qd3 e5 32. d5 cxd5 33. Rxc8 Rxc8 34. exd5
Rd8 35. Rd1 Rd6 36. Qe4 Bf7 37. Kg3 Qd7 38. Ba4 b5 39. Bb3 Ne7 40. Bc2 Ng8 41.
Bb3 1/2-1/2

[Event "SG SC Mühldorf/SK Schwabach 1-SG Büchen"]
[Site "?"]
[Date "2013.03.10"]
[Round "9.5"]
[White "Classen, Andrej"]
[Black "Wirth, Karl-Heinz"]
[Result "0-1"]
[WhiteElo "1841"]
[BlackElo "1868"]
[PlyCount "52"]
[EventDate "2013.??.??"]
[WhiteTeam "SG Büchenbach/Roth e.V. 2"]
[BlackTeam "SG SC Mühldorf/SK Schwabach 1"]

1. e4 e5 2. Bc4 f5 3. exf5 Nf6 4. d4 exd4 5. Qxd4 d5 6. Bb5+ c6 7. Bd3 c5 8.
Qe5+ Be7 9. Bb5+ Nc6 10. Bg5 O-O 11. Bxc6 bxc6 12. Nd2 Bd6 13. Qc3 Re8+ 14. Kd1
Ng4 15. Nh3 Nxf2+ 16. Nxf2 Qxg5 17. g4 Ba6 18. h3 Be2+ 19. Kc1 Qh4 20. Nd1 Bxg4
21. Rg1 Qxh3 22. Nf2 Qg2 23. Nf3 Bf4+ 24. Kb1 Qxf2 25. a3 Qxf3 26. Ka2 Qxc3 0-1

[Event "SG SC Mühldorf/SK Schwabach 1-SG Büchen"]
[Site "?"]
[Date "2013.03.10"]
[Round "9.6"]
[White "Pröschel, Gerhard"]
[Black "Roß, Sandra"]
[Result "1-0"]
[WhiteElo "1861"]
[BlackElo "1709"]
[PlyCount "49"]
[EventDate "2013.??.??"]
[WhiteTeam "SG SC Mühldorf/SK Schwabach 1"]
[BlackTeam "SG Büchenbach/Roth e.V. 2"]

1. d4 Nf6 2. c4 e6 3. Nc3 d5 4. e3 b6 5. Nf3 Be7 6. Bd3 dxc4 7. Bxc4 O-O 8. O-O
Bb7 9. Qe2 c5 10. Rd1 cxd4 11. Nxd4 Nbd7 12. e4 Qc7 13. Ncb5 Qe5 14. f3 a6 15.
Nc3 Bc5 16. Be3 b5 17. Bb3 Rac8 18. Rac1 Qb8 19. a3 Qa7 20. Bf2 Rfd8 21. e5 Nd5
22. Nxd5 Bxd5 23. Bxd5 exd5 24. e6 Nf8 25. Rxc5 1-0

[Event "SG SC Mühldorf/SK Schwabach 1-SG Büchen"]
[Site "?"]
[Date "2013.03.10"]
[Round "9.7"]
[White "Kittsteiner, Peter"]
[Black "Leis, Stefan"]
[Result "1/2-1/2"]
[WhiteElo "1832"]
[BlackElo "1849"]
[PlyCount "56"]
[EventDate "2013.??.??"]
[WhiteTeam "SG Büchenbach/Roth e.V. 2"]
[BlackTeam "SG SC Mühldorf/SK Schwabach 1"]

1. e4 e6 2. d4 d5 3. exd5 exd5 4. Bd3 Bd6 5. h3 Ne7 6. Ne2 Nbc6 7. c3 O-O 8.
O-O Bf5 9. Bf4 Bxd3 10. Qxd3 Bxf4 11. Nxf4 Qd6 12. g3 Ng6 13. Ng2 Qe6 14. Kh2
f5 15. Re1 Qf6 16. f4 h5 17. h4 Rae8 18. Nd2 Qd6 19. Rxe8 Rxe8 20. Qxf5 Re2 21.
Rd1 Nce7 22. Qxh5 Nxf4 23. gxf4 Qxf4+ 24. Kh1 Qf2 25. Qe8+ Kh7 26. Qh5+ Kg8 27.
Qe8+ Kh7 28. Qh5+ Kg8 1/2-1/2

[Event "SG SC Mühldorf/SK Schwabach 1-SG Büchen"]
[Site "?"]
[Date "2013.03.10"]
[Round "9.8"]
[White "Hetzner, Helmut"]
[Black "Müller, Maximilian"]
[Result "0-1"]
[WhiteElo "1802"]
[BlackElo "1797"]
[PlyCount "98"]
[EventDate "2013.??.??"]
[WhiteTeam "SG SC Mühldorf/SK Schwabach 1"]
[BlackTeam "SG Büchenbach/Roth e.V. 2"]

1. e4 e5 2. Nf3 Nc6 3. Bc4 Bc5 4. c3 Nf6 5. d4 exd4 6. e5 Ng4 7. cxd4 Bb4+ 8.
Nc3 d5 9. Bb5 h5 10. h3 Nh6 11. Bg5 f6 12. Bxc6+ bxc6 13. exf6 gxf6 14. Qe2+
Kf8 15. Bf4 Nf5 16. O-O Nd6 17. Nh4 Kf7 18. Qf3 Nf5 19. Nxf5 Bxf5 20. Bxc7 Qd7
21. Bh2 Rag8 22. Kh1 Rg5 23. a3 Ba5 24. Rg1 Bg4 25. Qd3 Bc7 26. f4 Bf5 27. Qf3
Qd6 28. Raf1 Rg6 29. Rf2 Bb6 30. Rd2 Ba5 31. b4 Bc7 32. g4 hxg4 33. hxg4 Bc8
34. Rf2 Rgh6 35. Ne2 a5 36. bxa5 Bxa5 37. g5 Rh4 38. Ng3 Bg4 39. Qd3 Qxf4 40.
g6+ Kg7 41. Rgg2 Qc1+ 42. Rf1 Qh6 43. Rff2 Bc7 44. Kg1 Bh3 45. Nf5+ Bxf5 46.
Qxf5 Bxh2+ 47. Rxh2 Qc1+ 48. Rf1 Qe3+ 49. Rff2 Qe1+ 0-1